Statystyki dla Linie Autobusowe w Szczecinie

Kliknij tutaj aby rozwiązać quiz!

Ogólne statystyki

  • Ten quiz został rozwiązany 13 razy
  • Średni wynik to 7 z 43

Statystyki odpowiedzi

LiniaTrasa% Poprawnych
51Kołłątaja-Głębokie
50%
60Stocznia Szczecińska-Cukrowa
50%
53
Stocznia Szczecińska-Pomorzany Dobrzyńska
50%
56Basen Górniczy-Dąbie Osiedle
38%
63Kołłątaja-Skolwin
38%
97Osiedle Bukowe-Dąbie Osiedle
38%
66Osiedle Bukowe-Podjuchy Dworzec
38%
58Plac Rodła-Gocław
38%
64Dąbie Osiedle-Klucz Autostrada
25%
61Dworzec Główny (Owocowa)-Podjuchy
25%
57Kołłątaja-Warszewo
25%
59Plac Rodła-Szosa Polska
25%
62Plac Zwycięstwa-Ustowo Auchan
25%
67Stocznia Szczecińska-Karola Miarki
25%
84Turkusowa-Kijewo
25%
54Turkusowa-Kijewo
25%
52Wyspa Pucka-Tkacka
25%
93Basen Górniczy-Basen Górniczy Linia okrężna
13%
73Basen Górniczy-Basen Górniczy Linia okrężna
13%
96Basen Górniczy-Osiedle Kasztanowe
13%
72Basen Górniczy-Śmierdnica
13%
69Kołłątaja-Rugiańska
13%
89Kołłątaja-Świergotki
13%
77Osiedle Bukowe-Osiedle Kasztanowe
13%
68Plac Rodła-Świergotki
13%
65Turkusowa-Rondo Ułanów Podolskich
13%
76Brama Portowa-Logistyczna
0%
75Dworzec Główny-Osiedle Zawadzkiego
0%
70Dworzec Główny (Owocowa)-Dworzec Główny (Owocowa) Linia okrężna
0%
90Dworzec Główny (Owocowa)-Dworzec Główny (Owocowa) Linia okrężna
0%
87Dworzec Główny (Owocowa)-Podbórz
0%
82Kołłątaja-Krucza Dom Kombatanta
0%
78Kołłątaja-Osiedle Arkońskie
0%
92Kołłątaja-Podbórz
0%
99Kołłątaja-Zajezdnia Golęcin
0%
80Ludowa-Zakłady Piekarnicze
0%
88Okulickiego-Maczka
0%
79Osiedle Słoneczne-Jezierzyce
0%
86Plac Rodła-Zakłady Piekarnicze
0%
85Podjuchy Dworzec-Smocza - Falskiego
0%
98Santocka-Kopańskiego
0%
94Struga-Turkusowa
0%
91Turkusowa-Zakłady Mięsne
0%

Rozkład punktacji

Percentyl według liczby udzielonych odpowiedzi

Procent ludzi z każdym wynikiem

Twoja historia wyników

Nie rozwiązałeś tego quizu